[Event "Ch_SFO"]
[Site "?"]
[Date "2018.03.15"]
[Round "1.10"]
[White "Khanin, Semen"]
[Black "Lykov, Vasili"]
[Result "1-0"]
[BlackElo "1998"]
[WhiteElo "2463"]
[LiveChessVersion "1.4.8"]

1. e4 {[%clk 1:29:41]} e5 {[%clk 1:30:49]} 2. Nf3 {[%clk 1:30:02]} Nc6
{[%clk 1:31:05]} 3. Bb5 {[%clk 1:30:25]} f5 {[%clk 1:31:18]} 4. d3
{[%clk 1:30:49]} fxe4 {[%clk 1:31:40]} 5. dxe4 {[%clk 1:31:15]} Nf6
{[%clk 1:32:04]} 6. O-O {[%clk 1:31:40]} Bc5 {[%clk 1:32:24]} 7. Bxc6
{[%clk 1:30:02]} bxc6 {[%clk 1:32:21]} 8. Nxe5 {[%clk 1:30:27]} O-O
{[%clk 1:32:29]} 9. Nc3 {[%clk 1:30:50]} d6 {[%clk 1:29:55]} 10. Na4
{[%clk 1:31:16]} Nxe4 {[%clk 1:27:46]} 11. Nxc5 {[%clk 1:30:45]} Nxc5
{[%clk 1:27:43]} 12. Nxc6 {[%clk 1:29:21]} Qe8 {[%clk 1:24:18]} 13. Nd4
{[%clk 1:29:16]} Qg6 {[%clk 1:22:26]} 14. f3 {[%clk 1:27:07]} Bh3
{[%clk 1:13:02]} 15. Qd2 {[%clk 1:25:52]} Ne6 {[%clk 1:09:36]} 16. Nxe6
{[%clk 1:25:19]} Bxe6 {[%clk 1:09:53]} 17. b3 {[%clk 1:24:22]} Rf7
{[%clk 1:04:51]} 18. Bb2 {[%clk 1:23:55]} Raf8 {[%clk 1:04:26]} 19. Rae1
{[%clk 1:19:20]} Bd7 {[%clk 0:59:07]} 20. Kh1 {[%clk 1:14:03]} Bc6
{[%clk 0:52:34]} 21. Re3 {[%clk 1:13:42]} h5 {[%clk 0:52:14]} 22. Qf2
{[%clk 1:09:36]} h4 {[%clk 0:50:59]} 23. Qxh4 {[%clk 1:05:59]} Qxc2
{[%clk 0:51:02]} 24. Qd4 {[%clk 1:06:10]} Bb5 {[%clk 0:43:34]} 25. Rc1
{[%clk 1:03:49]} Qf2 {[%clk 0:40:52]} 26. Re6 {[%clk 1:01:42]} Qxd4
{[%clk 0:39:58]} 27. Bxd4 {[%clk 1:01:42]} Bd7 {[%clk 0:40:03]} 28. Re2
{[%clk 0:57:29]} c5 {[%clk 0:36:25]} 29. Bf2 {[%clk 0:57:54]} Re8
{[%clk 0:34:14]} 30. Rd2 Rf6 {[%clk 0:29:15]} 31. Bxc5 {[%clk 0:52:51]} Rc8
{[%clk 0:28:22]} 32. Kg1 {[%clk 0:52:49]} Kf7 {[%clk 0:26:58]} 33. Kf2
{[%clk 0:51:15]} Re6 {[%clk 0:22:13]} 34. Rc4 {[%clk 0:49:50]} 1-0

[Event "Ch_SFO"]
[Site "?"]
[Date "2018.03.15"]
[Round "1.11"]
[White "Buvaltsev, Andrey"]
[Black "Vlassov, Nikolai"]
[Result "0-1"]
[BlackElo "2457"]
[WhiteElo "1994"]
[LiveChessVersion "1.4.8"]

1. d4 {[%clk 1:29:27]} Nf6 {[%clk 1:30:53]} 2. Nf3 {[%clk 1:28:30]} e6
{[%clk 1:31:18]} 3. Bf4 {[%clk 1:28:45]} c5 {[%clk 1:31:36]} 4. c3
{[%clk 1:28:53]} Be7 {[%clk 1:30:39]} 5. e3 {[%clk 1:29:09]} Nh5 {[%clk 1:30:31]}
6. Bg3 {[%clk 1:29:19]} O-O {[%clk 1:29:20]} 7. dxc5 {[%clk 1:28:25]} Nxg3
{[%clk 1:29:16]} 8. hxg3 {[%clk 1:28:43]} Bxc5 {[%clk 1:29:37]} 9. Bd3
{[%clk 1:26:28]} g6 {[%clk 1:28:48]} 10. g4 {[%clk 1:22:16]} d5 {[%clk 1:25:56]}
11. Nbd2 {[%clk 1:16:22]} Nc6 {[%clk 1:24:44]} 12. g5 {[%clk 1:15:33]} Be7
{[%clk 1:23:28]} 13. Qe2 {[%clk 1:07:45]} Bxg5 {[%clk 1:23:22]} 14. Nxg5
{[%clk 1:07:21]} Qxg5 {[%clk 1:23:50]} 15. f4 {[%clk 1:07:17]} Qg3+
{[%clk 1:23:14]} 16. Qf2 {[%clk 1:05:16]} Qxf2+ {[%clk 1:23:34]} 17. Kxf2
{[%clk 1:05:38]} e5 {[%clk 1:22:27]} 18. Be2 {[%clk 1:04:43]} d4 {[%clk 1:20:08]}
19. exd4 {[%clk 0:49:38]} exd4 {[%clk 1:19:11]} 20. Rh6 {[%clk 0:48:55]} dxc3
{[%clk 1:17:02]} 21. bxc3 {[%clk 0:49:10]} Kg7 {[%clk 1:15:30]} 22. Rah1
{[%clk 0:47:28]} Rh8 {[%clk 1:15:53]} 23. g4 {[%clk 0:39:11]} Be6
{[%clk 1:14:59]} 24. g5 {[%clk 0:32:01]} Rad8 {[%clk 1:14:13]} 25. Ne4
{[%clk 0:31:30]} Bd5 {[%clk 1:14:31]} 26. Bf3 {[%clk 0:31:52]} Bxe4
{[%clk 1:14:50]} 27. Bxe4 {[%clk 0:32:14]} Rd2+ {[%clk 1:15:12]} 28. Ke3
{[%clk 0:32:05]} Rxa2 {[%clk 1:15:31]} 29. Bxc6 {[%clk 0:31:37]} bxc6
{[%clk 1:13:18]} 30. f5 {[%clk 0:31:56]} gxf5 {[%clk 1:13:21]} 31. Rxc6
{[%clk 0:29:32]} Re8+ 32. Kf4 {[%clk 0:18:40]} Rf2+ {[%clk 1:11:49]} 33. Kg3
{[%clk 0:18:58]} Ree2 {[%clk 1:11:59]} 34. Rch6 {[%clk 0:15:12]} Rg2+
{[%clk 1:11:05]} 35. Kf3 {[%clk 0:15:24]} Ref2+ {[%clk 1:11:25]} 36. Ke3
{[%clk 0:15:32]} f4+ {[%clk 1:11:16]} 37. Ke4 {[%clk 0:15:51]} Rxg5
{[%clk 1:11:27]} 38. Rxh7+ {[%clk 0:16:01]} Kf6 {[%clk 1:11:34]} 39. Ra1
{[%clk 0:16:18]} Re5+ {[%clk 1:11:23]} 40. Kd3 {[%clk 0:13:36]} a5
{[%clk 1:09:14]} 41. Rh6+ {[%clk 0:06:57]} Kg5 {[%clk 1:08:35]} 42. Ra6
{[%clk 0:07:16]} Re3+ {[%clk 1:08:44]} 43. Kd4 {[%clk 0:06:05]} Rd2+
{[%clk 1:08:27]} 44. Kc4 {[%clk 0:06:32]} f3 {[%clk 1:07:31]} 45. Rg1+
{[%clk 0:05:24]} Rg2 {[%clk 1:07:21]} 46. Rxa5+ {[%clk 0:05:28]} Kf4
{[%clk 1:07:30]} 47. Kd4 Ke5+ 0-1

[Event "Ch_SFO"]
[Site "?"]
[Date "2018.03.15"]
[Round "1.12"]
[White "Gontcharov, Vladislav"]
[Black "Minachev, Maksim"]
[Result "1-0"]
[BlackElo "1990"]
[WhiteElo "2448"]
[LiveChessVersion "1.4.8"]

1. d4 {[%clk 1:30:56]} d5 {[%clk 1:30:47]} 2. c4 {[%clk 1:31:13]} e6
{[%clk 1:30:08]} 3. Nc3 {[%clk 1:31:13]} Nf6 {[%clk 1:30:28]} 4. Bg5
{[%clk 1:31:15]} Be7 {[%clk 1:29:36]} 5. Nf3 {[%clk 1:29:16]} O-O
{[%clk 1:27:29]} 6. Rc1 {[%clk 1:28:35]} Nbd7 {[%clk 1:25:38]} 7. cxd5
{[%clk 1:28:11]} exd5 {[%clk 1:25:55]} 8. e3 {[%clk 1:28:31]} c6 {[%clk 1:20:08]}
9. Bd3 {[%clk 1:24:09]} h6 {[%clk 1:17:22]} 10. Bh4 {[%clk 1:24:20]} Ne4
{[%clk 1:10:46]} 11. Bxe7 {[%clk 1:24:02]} Qxe7 {[%clk 1:11:10]} 12. O-O
{[%clk 1:21:54]} Ndf6 {[%clk 1:06:22]} 13. Ne5 {[%clk 1:21:37]} Bf5
{[%clk 1:03:36]} 14. Qc2 {[%clk 1:20:59]} Rfe8 {[%clk 0:53:33]} 15. Na4
{[%clk 1:14:20]} Bh7 {[%clk 0:48:11]} 16. a3 {[%clk 1:12:52]} Nd7
{[%clk 0:43:45]} 17. Nxd7 {[%clk 1:12:36]} Qxd7 {[%clk 0:44:10]} 18. b4
{[%clk 1:11:45]} Qe7 {[%clk 0:39:58]} 19. Rfe1 {[%clk 1:08:48]} f5
{[%clk 0:31:14]} 20. b5 {[%clk 1:02:59]} cxb5 {[%clk 0:27:57]} 21. Bxb5
{[%clk 1:01:21]} Rf8 22. Qb3 {[%clk 0:50:56]} Rad8 {[%clk 0:19:12]} 23. Bd3
{[%clk 0:48:12]} Kh8 {[%clk 0:18:30]} 24. Nc5 {[%clk 0:43:49]} Nxc5
{[%clk 0:16:54]} 25. Rxc5 {[%clk 0:44:08]} b6 {[%clk 0:16:07]} 26. Rc6
{[%clk 0:43:44]} Rf6 {[%clk 0:04:48]} 27. Rxf6 {[%clk 0:40:33]} Qxf6
{[%clk 0:04:47]} 28. Qc2 {[%clk 0:40:55]} Qd6 {[%clk 0:03:50]} 29. a4
{[%clk 0:40:49]} Qd7 {[%clk 0:01:08]} 30. Rc1 {[%clk 0:41:06]} Bg6
{[%clk 0:00:39]} 31. Bb5 {[%clk 0:40:17]} Qf7 {[%clk 0:00:34]} 32. Qc7
{[%clk 0:39:08]} Qf8 {[%clk 0:00:35]} 33. g3 {[%clk 0:34:29]} Ra8
{[%clk 0:00:31]} 34. Ba6 {[%clk 0:32:08]} Qe8 {[%clk 0:00:31]} 35. Bb5
{[%clk 0:30:32]} Qf8 {[%clk 0:00:38]} 36. Qe5 {[%clk 0:28:26]} Rd8
{[%clk 0:00:31]} 37. Rc7 {[%clk 0:28:02]} Qb4 {[%clk 0:00:42]} 1-0

[Event "Ch_SFO"]
[Site "?"]
[Date "2018.03.15"]
[Round "1.13"]
[White "Kazantsev, A.A."]
[Black "Nevostrujev, Vladimir"]
[Result "0-1"]
[BlackElo "2419"]
[WhiteElo "1968"]
[LiveChessVersion "1.4.8"]

1. c4 {[%clk 1:30:30]} Nf6 {[%clk 1:30:43]} 2. Nc3 {[%clk 1:30:58]} c5
{[%clk 1:31:00]} 3. Nf3 {[%clk 1:31:21]} b6 {[%clk 1:31:13]} 4. g3
{[%clk 1:31:28]} Bb7 {[%clk 1:31:41]} 5. Bg2 {[%clk 1:31:50]} e6 {[%clk 1:31:52]}
6. d4 {[%clk 1:32:18]} cxd4 {[%clk 1:32:10]} 7. Qxd4 {[%clk 1:32:46]} Nc6
{[%clk 1:25:15]} 8. Qf4 {[%clk 1:33:00]} Bb4 {[%clk 1:25:20]} 9. Bd2
{[%clk 1:30:50]} O-O {[%clk 1:22:33]} 10. O-O {[%clk 1:30:58]} Ne7
{[%clk 1:22:31]} 11. Ne4 {[%clk 1:27:12]} Bxe4 {[%clk 1:14:33]} 12. Bxb4
{[%clk 1:27:20]} Re8 {[%clk 1:02:52]} 13. Bc3 {[%clk 1:24:45]} Ng6
{[%clk 0:59:26]} 14. Bxf6 Nxf4 15. Bxd8 {[%clk 1:21:17]} Nxe2+ {[%clk 0:59:50]}
16. Kh1 {[%clk 1:21:32]} Raxd8 {[%clk 1:00:08]} 17. Rad1 {[%clk 1:20:42]} e5
{[%clk 0:58:49]} 18. Rfe1 {[%clk 1:20:29]} Bxf3 {[%clk 0:58:37]} 19. Bxf3
{[%clk 1:20:57]} Nd4 {[%clk 0:58:52]} 20. Bd5 {[%clk 1:21:19]} Kf8
{[%clk 0:57:58]} 21. f4 {[%clk 1:21:13]} d6 {[%clk 0:57:56]} 22. a3
{[%clk 1:21:08]} g6 {[%clk 0:53:21]} 23. g4 {[%clk 1:19:20]} Kg7 {[%clk 0:52:04]}
24. Rd3 {[%clk 1:15:23]} f6 {[%clk 0:50:48]} 25. f5 {[%clk 1:10:10]} Rc8
{[%clk 0:45:43]} 26. b4 {[%clk 1:06:01]} a5 {[%clk 0:38:56]} 27. b5
{[%clk 1:04:41]} a4 {[%clk 0:39:13]} 28. Rb1 {[%clk 1:04:27]} Rc7
{[%clk 0:32:43]} 29. Re1 {[%clk 1:03:28]} Rh8 {[%clk 0:28:15]} 30. Rg3
{[%clk 0:53:48]} h5 31. fxg6 h4 32. Rd3 Kxg6 33. h3 Kg5 34. Rd2 Rhc8 35. Rf2 Rxc4
36. Bxc4 Rxc4 37. Ref1 Rc3 38. Rxf6 Rxh3+ 39. Kg2 Rg3+ 40. Kh2 e4 41. Rxd6 Nf3+
42. Rxf3 exf3 43. Rd8 Rg2+ 44. Kh3 Rg3+ 45. Kh2 Rxg4 46. Rf8 Rf4 47. Rg8+ Kf5 0-1

[Event "Ch_SFO"]
[Site "?"]
[Date "2018.03.15"]
[Round "1.14"]
[White "Kardashevskiy, Evgeny"]
[Black "Tyatyushkin, Danil"]
[Result "1-0"]
[BlackElo "1958"]
[WhiteElo "2411"]
[LiveChessVersion "1.4.8"]

1. d4 {[%clk 1:30:53]} d5 {[%clk 1:30:46]} 2. Nf3 {[%clk 1:31:05]} Nf6
{[%clk 1:30:53]} 3. c4 {[%clk 1:31:27]} e6 {[%clk 1:31:15]} 4. Nc3
{[%clk 1:31:49]} c6 {[%clk 1:31:39]} 5. Bg5 {[%clk 1:31:57]} Nbd7
{[%clk 1:31:20]} 6. e3 {[%clk 1:32:00]} Be7 {[%clk 1:30:34]} 7. Qc2
{[%clk 1:31:22]} O-O {[%clk 1:29:09]} 8. Be2 {[%clk 1:31:10]} dxc4
{[%clk 1:26:22]} 9. Bxc4 {[%clk 1:31:04]} b5 {[%clk 1:26:14]} 10. Be2
{[%clk 1:30:06]} Bb7 {[%clk 1:26:02]} 11. O-O {[%clk 1:29:17]} a6
{[%clk 1:24:09]} 12. Rfd1 {[%clk 1:27:10]} Rc8 {[%clk 1:21:38]} 13. e4
{[%clk 1:26:09]} Re8 {[%clk 1:18:14]} 14. e5 {[%clk 1:22:56]} Nd5
{[%clk 1:17:20]} 15. Bxe7 {[%clk 1:21:16]} Qxe7 {[%clk 1:13:37]} 16. Ne4
{[%clk 1:21:13]} Rc7 {[%clk 1:09:39]} 17. Rac1 {[%clk 1:19:25]} Rec8
{[%clk 0:58:51]} 18. Nc5 {[%clk 1:08:42]} Nxc5 {[%clk 0:56:07]} 19. dxc5
{[%clk 1:08:34]} Rd7 {[%clk 0:53:20]} 20. h4 {[%clk 1:07:34]} Rcd8
{[%clk 0:46:32]} 21. Ng5 {[%clk 1:06:12]} g6 {[%clk 0:46:31]} 22. Rd4
{[%clk 1:03:45]} Nc7 {[%clk 0:44:22]} 23. Rd6 {[%clk 1:01:54]} Ne8
{[%clk 0:40:18]} 24. g3 {[%clk 0:59:19]} Rc8 {[%clk 0:31:08]} 25. Ne4
{[%clk 0:57:18]} Kg7 {[%clk 0:24:56]} 26. Qc3 {[%clk 0:56:37]} Qd8
{[%clk 0:23:44]} 27. g4 {[%clk 0:53:20]} Kg8 {[%clk 0:16:32]} 28. Rcd1
{[%clk 0:52:40]} Rcc7 {[%clk 0:12:02]} 29. Qd2 {[%clk 0:42:30]} Bc8
{[%clk 0:10:16]} 30. Qh6 {[%clk 0:41:13]} f6 {[%clk 0:04:55]} 31. h5
{[%clk 0:38:05]} Rxd6 {[%clk 0:04:42]} 32. cxd6 {[%clk 0:36:21]} Rg7
{[%clk 0:05:02]} 33. exf6 {[%clk 0:35:44]} Nxf6 {[%clk 0:05:21]} 34. Qg5
{[%clk 0:35:58]} Kf7 {[%clk 0:05:05]} 35. d7 {[%clk 0:36:06]} Bxd7
{[%clk 0:02:33]} 36. h6 {[%clk 0:36:02]} 1-0

[Event "Ch_SFO"]
[Site "?"]
[Date "2018.03.15"]
[Round "1.15"]
[White "Kiyanovsky, Vladimir"]
[Black "Lavrov, Sergey V"]
[Result "0-1"]
[BlackElo "2404"]
[WhiteElo "1955"]
[LiveChessVersion "1.4.8"]

1. d4 {[%clk 1:30:57]} g6 {[%clk 1:30:42]} 2. Bf4 {[%clk 1:31:10]} Bg7
{[%clk 1:31:07]} 3. e3 {[%clk 1:31:26]} d6 {[%clk 1:31:33]} 4. Nf3
{[%clk 1:31:33]} Nd7 {[%clk 1:31:59]} 5. Bd3 {[%clk 1:30:57]} e5 {[%clk 1:32:20]}
6. Bg3 {[%clk 1:29:05]} Qe7 {[%clk 1:31:57]} 7. Nbd2 {[%clk 1:28:36]} Ngf6
{[%clk 1:30:50]} 8. dxe5 {[%clk 1:26:27]} dxe5 {[%clk 1:31:14]} 9. e4
{[%clk 1:23:22]} O-O {[%clk 1:31:35]} 10. O-O {[%clk 1:23:31]} Nh5
{[%clk 1:30:40]} 11. c3 {[%clk 1:20:57]} Nc5 {[%clk 1:30:51]} 12. Bc2
{[%clk 1:21:20]} a5 {[%clk 1:30:53]} 13. Nc4 {[%clk 1:20:34]} f6 {[%clk 1:29:47]}
14. Nxa5 {[%clk 1:17:49]} Rxa5 {[%clk 1:28:41]} 15. b4 {[%clk 1:18:07]} Ra8
{[%clk 1:28:08]} 16. bxc5 {[%clk 1:17:50]} Rd8 {[%clk 1:27:31]} 17. Bb3+
{[%clk 1:12:38]} Kh8 {[%clk 1:27:37]} 18. Qc2 {[%clk 1:11:58]} Qxc5
{[%clk 1:27:42]} 19. Rfd1 {[%clk 1:11:38]} Bg4 {[%clk 1:27:24]} 20. Rxd8+
{[%clk 1:11:29]} Rxd8 {[%clk 1:27:50]} 21. Rd1 {[%clk 1:11:44]} Rd6
{[%clk 1:26:38]} 22. Rd5 {[%clk 1:01:39]} Rxd5 {[%clk 1:26:42]} 23. Bxd5
{[%clk 1:01:18]} c6 {[%clk 1:26:44]} 24. Bf7 {[%clk 1:00:59]} Bxf3
{[%clk 1:00:51]} 25. gxf3 {[%clk 1:00:58]} Bf8 {[%clk 0:59:04]} 26. Qb3
{[%clk 0:57:43]} Qe7 {[%clk 0:55:40]} 27. a4 {[%clk 0:56:45]} Kg7
{[%clk 0:54:31]} 28. Be6 {[%clk 0:56:47]} Qc7 {[%clk 0:47:58]} 29. Kg2
{[%clk 0:53:50]} Bd6 {[%clk 0:46:08]} 30. Bg8 {[%clk 0:48:58]} b6
{[%clk 0:40:08]} 31. Kg1 {[%clk 0:47:07]} Bc5 {[%clk 0:39:34]} 32. Kg2
{[%clk 0:47:18]} Qe7 {[%clk 0:39:33]} 33. Qc4 {[%clk 0:46:05]} Kh6
{[%clk 0:34:30]} 34. Qf7 {[%clk 0:37:29]} Qxf7 {[%clk 0:34:21]} 35. Bxf7
{[%clk 0:37:57]} Ba3 {[%clk 0:34:31]} 36. Kh3 {[%clk 0:34:52]} Bc1
{[%clk 0:33:51]} 37. Kg4 {[%clk 0:33:52]} Kg7 {[%clk 0:30:28]} 38. Be6
{[%clk 0:29:34]} Kf8 {[%clk 0:29:30]} 39. Bb3 {[%clk 0:26:42]} Bd2
{[%clk 0:28:17]} 40. c4 {[%clk 0:26:53]} Ke7 {[%clk 0:28:26]} 41. h4
{[%clk 0:26:44]} Kd6 {[%clk 0:28:07]} 42. c5+ {[%clk 0:24:16]} Kxc5
{[%clk 0:28:01]} 43. Bg8 {[%clk 0:24:45]} f5+ {[%clk 0:27:06]} 44. exf5
{[%clk 0:22:54]} Nf6+ {[%clk 0:27:31]} 45. Kh3 {[%clk 0:23:03]} gxf5
{[%clk 0:22:26]} 46. Bb3 {[%clk 0:20:15]} f4 {[%clk 0:22:45]} 47. Bh2
{[%clk 0:20:38]} h5 {[%clk 0:21:55]} 48. Kg2 {[%clk 0:20:50]} Kd4
{[%clk 0:22:17]} 49. Kf1 {[%clk 0:20:50]} Kd3 {[%clk 0:22:37]} 50. Bd1
{[%clk 0:19:36]} Bb4 {[%clk 0:21:53]} 51. Be2+ {[%clk 0:19:36]} Kd2
{[%clk 0:22:12]} 52. Bc4 {[%clk 0:19:46]} Nd5 {[%clk 0:21:24]} 0-1

[Event "Ch_SFO"]
[Site "?"]
[Date "2018.03.15"]
[Round "1.16"]
[White "Anikonov, Dmitry"]
[Black "Malezkey, Vladimir"]
[Result "1-0"]
[BlackElo "1952"]
[WhiteElo "2398"]
[LiveChessVersion "1.4.8"]

1. d4 {[%clk 1:29:46]} Nf6 {[%clk 1:30:42]} 2. c4 {[%clk 1:30:05]} b6
{[%clk 1:30:12]} 3. Nc3 {[%clk 1:30:01]} Bb7 {[%clk 1:30:33]} 4. f3
{[%clk 1:29:26]} e6 {[%clk 1:29:21]} 5. e4 {[%clk 1:29:32]} d6 {[%clk 1:29:02]}
6. Bd3 {[%clk 1:28:29]} Nbd7 {[%clk 1:27:32]} 7. Nge2 {[%clk 1:28:43]} Be7
{[%clk 1:25:07]} 8. Be3 {[%clk 1:27:30]} c5 {[%clk 1:22:48]} 9. d5
{[%clk 1:26:40]} Ne5 {[%clk 1:17:30]} 10. dxe6 {[%clk 1:24:27]} fxe6
{[%clk 1:16:59]} 11. Nf4 {[%clk 1:24:48]} Qd7 {[%clk 1:15:20]} 12. Be2
{[%clk 1:23:22]} O-O {[%clk 1:12:55]} 13. Qc2 {[%clk 1:20:10]} Rad8
{[%clk 1:11:17]} 14. Rd1 {[%clk 1:20:15]} Qc8 {[%clk 1:09:51]} 15. O-O
{[%clk 1:19:39]} Ne8 {[%clk 1:03:32]} 16. Kh1 {[%clk 1:13:59]} g6
{[%clk 0:57:41]} 17. Qa4 {[%clk 1:12:03]} Nc6 {[%clk 0:54:59]} 18. Nd3
{[%clk 1:08:17]} Bf6 {[%clk 0:52:07]} 19. f4 {[%clk 1:02:53]} Qa8
{[%clk 0:44:54]} 20. Bg4 {[%clk 0:53:29]} Ng7 {[%clk 0:44:35]} 21. Nb5
{[%clk 0:47:06]} Rf7 {[%clk 0:38:31]} 22. Bf3 {[%clk 0:44:00]} a6
{[%clk 0:35:16]} 23. Nxd6 {[%clk 0:44:00]} Rxd6 {[%clk 0:35:12]} 24. e5
{[%clk 0:41:36]} Rxd3 {[%clk 0:34:27]} 25. Rxd3 {[%clk 0:41:48]} Bxe5
{[%clk 0:32:37]} 26. fxe5 {[%clk 0:39:46]} Nxe5 {[%clk 0:32:17]} 27. Qd1
{[%clk 0:36:57]} Nxd3 {[%clk 0:31:32]} 28. Bxb7 {[%clk 0:37:21]} Qxb7
{[%clk 0:30:15]} 29. Rxf7 {[%clk 0:37:50]} Kxf7 {[%clk 0:29:43]} 30. Qxd3
{[%clk 0:38:18]} Nf5 {[%clk 0:28:22]} 31. Bf4 {[%clk 0:38:45]} h6
{[%clk 0:26:18]} 32. h3 {[%clk 0:38:03]} Qc6 {[%clk 0:22:01]} 33. Be5
{[%clk 0:37:49]} Qe8 {[%clk 0:19:50]} 34. Qf3 {[%clk 0:37:26]} Kg8
{[%clk 0:17:14]} 35. Qb7 {[%clk 0:34:29]} Qd8 {[%clk 0:16:06]} 36. Kh2
{[%clk 0:33:40]} g5 {[%clk 0:15:07]} 37. Qxa6 {[%clk 0:26:28]} g4
{[%clk 0:15:10]} 38. Qa3 {[%clk 0:26:47]} h5 {[%clk 0:14:01]} 39. Qc3
{[%clk 0:23:36]} Kf7 {[%clk 0:13:21]} 40. Bf4 {[%clk 0:21:46]} Nd4
{[%clk 0:11:04]} 41. Qe3 {[%clk 0:21:18]} Qg8 {[%clk 0:09:54]} 42. Be5
{[%clk 0:19:43]} gxh3 {[%clk 0:09:42]} 43. Qf4+ {[%clk 0:17:10]} Nf5
{[%clk 0:09:31]} 44. Kxh3 {[%clk 0:17:21]} Qd8 {[%clk 0:06:58]} 45. Qe4
{[%clk 0:17:18]} Qd1 {[%clk 0:06:57]} 46. Kh2 {[%clk 0:17:35]} Qd8
{[%clk 0:06:39]} 47. a4 {[%clk 0:16:54]} Kg6 {[%clk 0:06:53]} 48. Bg3
{[%clk 0:16:00]} Qd7 {[%clk 0:06:57]} 49. b3 Kf7 {[%clk 0:06:22]} 50. Be5
{[%clk 0:15:15]} Qe7 {[%clk 0:05:43]} 51. Qf4 {[%clk 0:15:29]} Kg6
{[%clk 0:05:58]} 52. Bc7 {[%clk 0:15:00]} Qf6 {[%clk 0:05:35]} 53. Qe4
{[%clk 0:11:21]} Qe7 {[%clk 0:04:26]} 54. Bg3 {[%clk 0:11:47]} Qd7
{[%clk 0:04:23]} 55. Bf4 {[%clk 0:10:48]} Kf7 {[%clk 0:04:35]} 56. Qf3
{[%clk 0:10:22]} Kg6 {[%clk 0:04:43]} 57. Qa8 {[%clk 0:10:46]} Ng7
{[%clk 0:04:20]} 58. Qh8 {[%clk 0:08:07]} Qd4 {[%clk 0:04:12]} 59. Qh6+
{[%clk 0:08:16]} Kf7 {[%clk 0:04:41]} 60. Qg5 {[%clk 0:08:29]} Qe4
{[%clk 0:03:58]} 61. Be5 {[%clk 0:08:44]} Qf5 {[%clk 0:04:15]} 62. Qxg7+
{[%clk 0:09:07]} 1-0

[Event "Ch_SFO"]
[Site "?"]
[Date "2018.03.15"]
[Round "1.17"]
[White "Karelov, Pavel"]
[Black "Beletsky, Alexey"]
[Result "0-1"]
[BlackElo "2370"]
[WhiteElo "1943"]
[LiveChessVersion "1.4.8"]

1. c4 {[%clk 1:30:58]} Nf6 {[%clk 1:30:39]} 2. Nc3 {[%clk 1:31:21]} g6
{[%clk 1:31:00]} 3. g3 {[%clk 1:32:10]} Bg7 {[%clk 1:31:23]} 4. Bg2
{[%clk 1:32:10]} O-O 5. d4 c5 {[%clk 1:29:43]} 6. e3 {[%clk 1:32:59]} d6
{[%clk 1:27:41]} 7. Nge2 {[%clk 1:33:17]} Nc6 {[%clk 1:27:52]} 8. O-O
{[%clk 1:33:38]} Bd7 {[%clk 1:27:26]} 9. b3 {[%clk 1:32:59]} Rb8 {[%clk 1:27:25]}
10. Bb2 {[%clk 1:32:38]} a6 {[%clk 1:27:42]} 11. dxc5 {[%clk 1:31:57]} dxc5
{[%clk 1:28:06]} 12. Nf4 {[%clk 1:30:56]} b5 {[%clk 1:25:04]} 13. cxb5
{[%clk 1:29:36]} axb5 {[%clk 1:25:29]} 14. Qe2 {[%clk 1:24:43]} Qa5
{[%clk 1:20:12]} 15. Ncd5 {[%clk 1:20:26]} Nxd5 {[%clk 1:18:26]} 16. Nxd5
{[%clk 1:20:23]} Rfc8 {[%clk 1:15:01]} 17. Bxg7 {[%clk 1:20:03]} Kxg7
{[%clk 1:15:27]} 18. Rfd1 {[%clk 1:17:56]} Be6 {[%clk 1:11:30]} 19. Nf4
{[%clk 1:16:32]} Nd8 {[%clk 1:11:29]} 20. Nxe6+ {[%clk 1:12:28]} Nxe6
{[%clk 1:11:54]} 21. Bh3 {[%clk 1:12:47]} Rc6 {[%clk 0:56:34]} 22. Qb2+
{[%clk 1:11:06]} f6 {[%clk 0:55:14]} 23. Rd7 {[%clk 1:08:46]} Re8
{[%clk 0:55:06]} 24. Qc2 {[%clk 1:06:08]} Nf8 {[%clk 0:52:15]} 25. Qe4
{[%clk 0:59:28]} Rc7 {[%clk 0:52:30]} 26. Rxc7 {[%clk 0:59:14]} Qxc7
{[%clk 0:52:56]} 27. Bf1 {[%clk 0:58:48]} b4 {[%clk 0:50:48]} 28. Rc1
{[%clk 0:58:33]} Qd6 {[%clk 0:50:20]} 29. h4 {[%clk 0:56:15]} Rc8
{[%clk 0:49:46]} 30. Be2 {[%clk 0:53:46]} Rc7 {[%clk 0:49:47]} 31. Rd1
{[%clk 0:53:25]} Qc6 {[%clk 0:48:49]} 32. Qg4 {[%clk 0:49:31]} Nd7
{[%clk 0:47:32]} 33. Bf3 {[%clk 0:48:41]} Ne5 {[%clk 0:47:49]} 34. Bxc6
{[%clk 0:49:05]} Nxg4 {[%clk 0:48:16]} 35. Bb5 {[%clk 0:49:20]} f5
{[%clk 0:47:23]} 36. Kf1 {[%clk 0:47:56]} Nf6 {[%clk 0:41:45]} 37. f3
{[%clk 0:47:54]} Rb7 {[%clk 0:38:55]} 38. Bc4 {[%clk 0:48:13]} Rd7
{[%clk 0:39:06]} 39. Rxd7 {[%clk 0:47:38]} Nxd7 {[%clk 0:39:31]} 40. Ke2
{[%clk 0:48:04]} Kf6 {[%clk 0:38:15]} 41. Bb5 {[%clk 0:45:21]} Nb6
{[%clk 0:38:23]} 42. Kd3 {[%clk 0:45:10]} h6 {[%clk 0:38:20]} 43. Bc6
{[%clk 0:45:02]} g5 {[%clk 0:38:35]} 44. hxg5+ Kxg5 45. Bb7 h5 46. Bc6 e5 47. Be8
Nc8 48. Bc6 Nd6 49. Bd7 f4 50. gxf4+ exf4 51. e4 Nf7 52. Ke2 Ne5 53. Bb5 h4 54.
Kf2 h3 55. Bf1 h2 56. Kg2 Nxf3 57. Be2 Nd2 58. Kxh2 f3 59. Bd1 f2 60. Be2 f1=Q
61. Bxf1 Nxf1+ 62. Kg2 Nd2 63. Kf2 Kf4 64. Ke2 Nxe4 65. Kd3 Nd6 66. Kc2 Ke3 67.
Kb2 Kd3 68. a4 Nb7 0-1

[Event "Ch_SFO"]
[Site "?"]
[Date "2018.03.15"]
[Round "1.18"]
[White "Piskunov, Alexandr"]
[Black "Zhukov, Ivan"]
[Result "1-0"]
[BlackElo "1939"]
[WhiteElo "2356"]
[LiveChessVersion "1.4.8"]

1. e4 {[%clk 1:29:17]} c5 {[%clk 1:30:37]} 2. Be2 {[%clk 1:29:40]} d6
{[%clk 1:30:18]} 3. f4 {[%clk 1:30:02]} e6 {[%clk 1:30:24]} 4. Nf3
{[%clk 1:30:24]} Nc6 {[%clk 1:29:55]} 5. O-O {[%clk 1:30:23]} g6 {[%clk 1:30:02]}
6. c3 {[%clk 1:30:01]} Bg7 {[%clk 1:28:50]} 7. Na3 {[%clk 1:30:22]} Nf6
{[%clk 1:26:01]} 8. d3 {[%clk 1:30:40]} O-O {[%clk 1:25:37]} 9. Qe1
{[%clk 1:31:01]} Rb8 {[%clk 1:23:15]} 10. Bd2 {[%clk 1:27:30]} b5
{[%clk 1:21:16]} 11. Nc2 {[%clk 1:27:56]} a5 {[%clk 1:17:18]} 12. Qh4
{[%clk 1:04:30]} b4 {[%clk 1:01:42]} 13. Ne3 {[%clk 0:57:14]} Nh5
{[%clk 0:54:51]} 14. Ng5 {[%clk 0:51:39]} h6 {[%clk 0:53:13]} 15. Bxh5
{[%clk 0:52:06]} hxg5 {[%clk 0:53:35]} 16. fxg5 {[%clk 0:52:33]} gxh5
{[%clk 0:45:27]} 17. Qxh5 {[%clk 0:52:23]} Ne5 {[%clk 0:39:06]} 18. d4
{[%clk 0:50:24]} cxd4 {[%clk 0:38:26]} 19. cxd4 {[%clk 0:50:52]} Nd7
{[%clk 0:38:40]} 20. Rf4 {[%clk 0:39:38]} Ba6 {[%clk 0:38:40]} 21. Ng4
{[%clk 0:39:38]} Rb5 {[%clk 0:38:40]} 22. d5 {[%clk 0:39:38]} exd5
{[%clk 0:38:40]} 23. Nf6+ {[%clk 0:23:51]} Nxf6 {[%clk 0:15:06]} 24. gxf6
{[%clk 0:23:51]} Bxf6 {[%clk 0:15:06]} 25. Rg4+ {[%clk 0:23:51]} Bg7
{[%clk 0:15:06]} 26. Qh6 {[%clk 0:23:51]} Qb6+ {[%clk 0:15:06]} 27. Be3
{[%clk 0:23:51]} Qxe3+ {[%clk 0:13:46]} 28. Qxe3 {[%clk 0:25:37]} f5
{[%clk 0:13:57]} 29. exf5 {[%clk 0:25:40]} Rxf5 {[%clk 0:13:17]} 30. Qe6+
{[%clk 0:25:06]} Rf7 {[%clk 0:13:41]} 31. Rf1 {[%clk 0:25:16]} Rbb7
{[%clk 0:14:02]} 32. Qe8+ {[%clk 0:25:40]} 1-0